|
|
|
|
| LEADER |
00647cam a2200205 7i4500 |
| 001 |
0000027546 |
| 005 |
20120209090000.0 |
| 020 |
0 |
0 |
|a 9789241548106
|
| 090 |
0 |
0 |
|a I 363.1
|b WOR
|
| 110 |
2 |
0 |
|a World Health Organisation (WHO)
|
| 245 |
0 |
0 |
|a Water safety in buildings.
|
| 260 |
0 |
0 |
|a Geneva:
|b World Health Organization (WHO),
|c 2011.
|
| 300 |
# |
# |
|a 146 p.
|
| 650 |
0 |
0 |
|a Water supply --
|x Standards
|
| 650 |
0 |
0 |
|a Water treatment
|
| 650 |
0 |
0 |
|a Waste disposal, Fluid
|
| 650 |
0 |
0 |
|a Sanitary engineering
|
| 650 |
0 |
0 |
|a Water microbiology
|
| 650 |
0 |
0 |
|a Water pollution --
|x Prevention & control
|
| 999 |
|
|
|a 0000028701
|b Book
|c International
|e Business Information Centre
|